000 01143nam0a22002891 4500
001 rc\338964
005 20260407075803.0
035 _a(NLR Aleph) 005581142
090 _a6113468
_c6113468
100 _a20030307d1989 |||y0rusy50 ca
101 0 _arus
102 _aRU
105 _ay |||||||||
200 1 _aПисьменные памятники Дагестана XVIII-XIX вв.
_eСб. ст. [и материалов]
_fДаг. фил. АН СССР, Ин-т истории, яз. и лит. им. Г. Цадасы
_g[Сост. Х.А. Омаров]
210 _aМахачкала
_cДаг. фил. АН СССР
_d1989
215 _a181, [2] с.
_d22
320 _aБиблиогр.: с. 177-182
320 _aБиблиогр. в примеч. в конце ст.
702 1 _aОмаров
_bХ.А.
_4220
712 0 2 _aИнститут истории, языка и литературы им. Гамзата Цадасы
_cМахачкала
_3RU\NLR\AUTH\884533
_9280588
801 0 _aRU
_bNLR
_gpsbo
801 1 _aRU
_bELAR
_2rusmarc
852 _aNLR
_bОНЛ
852 _aNLR
_jОНЛ
942 _cBOOK
980 _aNB